Cities of Asia with a population of more than 15 million - Statistics

General Stats
  • This quiz has been taken 26 times
    13 since last reset
  • The average score is 14 of 16
Answer Stats
Answer % Correct
Beijing
100%
Jakarta/Djakarta
100%
Manila
100%
Shanghai
100%
Tokyo
100%
Bangkok
91%
Delhi/New Delhi
91%
Mumbai
91%
Osaka
91%
Tehran
91%
Calcutta/Kolkata
82%
Foshan/Guangzhou
82%
Istanbul
82%
Dhaka
73%
Karachi
73%
Seoul
64%
No matching quizzes found
Score Distribution
Percent of People with Each Score
Percentile by Number Answered
Your Score History
You have not taken this quiz since the last reset